000 00568nam a2200205Ia 4500
005 20250508150317.0
008 008 250505s9999 xx 000 0 eng d
037 _aReference
040 _aFEDL
_beng
_cFEDL
041 _aeng
_2eng
084 _a001.42, RUS/RR
_qFEDL
100 _aRusk Robert R
245 0 _aResearch in education : An introduction
260 _aLondon, UK
_bUniversity of London Press
_c1932
300 _a108p.
365 _aINR
_b3.6
546 _aPhotocopy
942 _cREF
_h001.42, RUS/RR
999 _c1322918
_d1322918